Statistical physics (Record no. 13543)

MARC details
000 -LEADER
fixed length control field 00555nam a2200181Ia 4500
003 - CONTROL NUMBER IDENTIFIER
control field IN-BaIIA
008 - FIXED-LENGTH DATA ELEMENTS--GENERAL INFORMATION
fixed length control field 211028s9999 xx 000 0 eng d
020 ## - INTERNATIONAL STANDARD BOOK NUMBER
International Standard Book Number 981-02-3192-X
040 ## - CATALOGING SOURCE
Transcribing agency IIA Library
080 ## - UNIVERSAL DECIMAL CLASSIFICATION NUMBER
Universal Decimal Classification number 530.1
Item number AMI
100 ## - MAIN ENTRY--PERSONAL NAME
Personal name Amit, D. J.
9 (RLIN) 23735
245 #0 - TITLE STATEMENT
Title Statistical physics
Remainder of title an introductory course
Statement of responsibility, etc. D. J. Amit and Y. Verbin
260 ## - PUBLICATION, DISTRIBUTION, ETC.
Place of publication, distribution, etc. Singapore
Name of publisher, distributor, etc. World Scientific
Date of publication, distribution, etc. 1999
300 ## - PHYSICAL DESCRIPTION
Extent xii, 565p.
650 ## - SUBJECT ADDED ENTRY--TOPICAL TERM
Topical term or geographic name entry element Statistical physics
9 (RLIN) 4158
700 ## - ADDED ENTRY--PERSONAL NAME
Personal name Verbin, Y
9 (RLIN) 23736
942 ## - ADDED ENTRY ELEMENTS (KOHA)
Koha item type Books
Holdings
Withdrawn status Lost status Damaged status Not for loan Home library Current library Shelving location Date acquired Total Checkouts Full call number Barcode Date last seen Price effective from Koha item type
        IIA Library-Bangalore IIA Library-Bangalore General Stacks     530.1/ AMI 14462 05/11/2021   Books

Powered by Koha